000 01378nam a2200361 a 4500
001 ebr10483580
003 CaPaEBR
006 m u
007 cr cn|||||||||
008 110128s2011 caua sb 001 0 eng d
010 _z 2011003602
020 _z9780520266704
020 _z9780520949645 (e-book)
040 _aCaPaEBR
_cCaPaEBR
035 _a(OCoLC)747412136
050 1 4 _aGN282.5
_b.F35 2011eb
082 0 4 _a599.93/8
_222
100 1 _aFalk, Dean.
245 1 4 _aThe fossil chronicles
_h[electronic resource] :
_bhow two controversial discoveries changed our view of human evolution /
_cDean Falk.
260 _aBerkeley :
_bUniversity of California Press,
_cc2011.
300 _axiv, 259 p. :
_bill.
504 _aIncludes bibliographical references and index.
533 _aElectronic reproduction.
_bPalo Alto, Calif. :
_cebrary,
_d2011.
_nAvailable via World Wide Web.
_nAccess may be limited to ebrary affiliated libraries.
650 0 _aFossil hominids.
650 0 _aFlores man.
650 0 _aAustralopithecines.
650 0 _aHuman remains (Archaeology)
650 0 _aHuman evolution
_xPhilosophy.
650 0 _aPaleoanthropology.
655 7 _aElectronic books.
_2local
710 2 _aebrary, Inc.
856 4 0 _uhttp://site.ebrary.com/lib/rucke/Doc?id=10483580
_zAn electronic book accessible through the World Wide Web; click to view
999 _c225779
_d225779